|
|
|
|
| LEADER |
00000nam1a2200000 4500 |
| 001 |
122235 |
| 005 |
20231031125903.0 |
| 010 |
|
|
|a 5852350273
|
| 020 |
|
|
|a RU
|b 91-48610
|
| 035 |
|
|
|a (RuTPU)RU\TPU\book\132360
|
| 090 |
|
|
|a 122235
|
| 100 |
|
|
|a 20070928d1991 m y0rusy5003 ca
|
| 101 |
2 |
|
|a rus
|c ger
|c fre
|
| 200 |
1 |
|
|a Виннету - вождь апачей
|e Роман. Перевод
|f К. Май
|g худож. Н. Лазинская
|
| 210 |
|
|
|a Москва
|c Интерпракс
|d 1991
|
| 215 |
|
|
|a 542,[2] с.
|c ил.
|d 21 см
|
| 225 |
1 |
|
|a Приключилось однажды...
|v 2
|
| 423 |
|
|
|t Текучая Вода
|o роман
|f Г. Эмар
|a Эмар, Густав
|
| 610 |
0 |
|
|a Северная Америка
|
| 610 |
0 |
|
|a индейцы
|
| 610 |
0 |
|
|a колонизация
|
| 610 |
0 |
|
|a приключенческие романы
|
| 610 |
0 |
|
|a немецкая литература
|
| 610 |
0 |
|
|a французская литература
|
| 675 |
|
|
|a 83
|z rus
|
| 700 |
|
1 |
|a Май
|b К.
|g Карл
|4 070
|
| 702 |
|
1 |
|a Лазинская
|b Н.
|4 440
|
| 801 |
|
0 |
|a RU
|b RuMRKP
|c 19950417
|g psbo
|
| 801 |
|
1 |
|a RU
|b 63413507
|c 20070928
|g PSBO
|
| 801 |
|
2 |
|a RU
|b 63413507
|c 20070928
|g PSBO
|
| 942 |
|
|
|c BK
|